[Event "Seattle Summer Kickoff (7-12 Open)"]
[Site "Chess.com"]
[Date "2020.06.13"]
[Round "4"]
[White "Leong, Albert"]
[Black "Smith, Jason"]
[Result "1/2-1/2"]
[WhiteElo "1436"]
[BlackElo "955"]
[PlyCount "100"]
[EventDate "2020.??.??"]
[SourceDate "2020.06.27"]

1. e4 Nc6 2. Nf3 Nf6 3. Nc3 d5 4. exd5 Nxd5 5. Bc4 Be6 6. Bxd5 Bxd5 7. O-O e6
8. d3 Be7 9. Bf4 Bxf3 10. Qxf3 e5 11. Be3 O-O 12. Rfe1 Qd7 13. Rad1 Rad8 14.
Qg3 Qf5 15. h3 b6 16. d4 exd4 17. Bxd4 Rxd4 18. Rxd4 Nxd4 19. Rxe7 Qxc2 20.
Rxc7 Qxb2 21. Rxa7 Rc8 22. Kh2 Nf5 23. Qf3 g6 24. Nd5 Qe5+ 25. Nf4 g5 26. Qg4
Qxf4+ 27. Qxf4 gxf4 28. Ra6 Rc2 29. Kg1 Kg7 30. a3 b5 31. Ra5 Nd4 32. g3 fxg3
33. fxg3 Kf6 34. Kf1 Ke5 35. Ke1 Re2+ 36. Kd1 Rg2 37. a4 Rg1+ 38. Kd2 Nb3+ 39.
Kc3 Nxa5 40. axb5 Rxg3+ 41. Kb4 f5 42. Kxa5 f4 43. b6 f3 44. b7 Rg8 45. Ka6 f2
46. Ka7 f1=Q 47. b8=Q+ Rxb8 48. Kxb8 Qxh3 49. Kc7 Qe6 50. Kd8 Kd6 1/2-1/2

[Event "Seattle Summer Kickoff (7-12 Open)"]
[Site "Chess.com"]
[Date "2020.06.13"]
[Round "4"]
[White "Tameling, Benton"]
[Black "Smith, Lucas"]
[Result "1-0"]
[WhiteElo "1317"]
[BlackElo "1030"]
[PlyCount "47"]
[EventDate "2020.??.??"]
[SourceDate "2020.06.27"]

1. d4 d5 2. c4 Nf6 3. Nf3 e6 4. g3 Nbd7 5. Bg2 b6 6. O-O Bb7 7. Nc3 c5 8. cxd5
exd5 9. Bg5 cxd4 10. Nxd4 Qc7 11. Re1 Be7 12. e4 dxe4 13. Bxf6 Bxf6 14. Bxe4
O-O 15. Ndb5 Qc8 16. Nd6 Qc7 17. Nxb7 Bxc3 18. bxc3 Qxc3 19. Qxd7 Rfe8 20. Nd6
Rxe4 21. Nxe4 Qc4 22. Nd6 Qc3 23. Re8+ Rxe8 24. Qxe8# 1-0

[Event "Seattle Summer Kickoff (7-12 Open)"]
[Site "Chess.com"]
[Date "2020.06.13"]
[Round "4"]
[White "Vangala, Agastya"]
[Black "Rohila, Naveen"]
[Result "0-1"]
[WhiteElo "1250"]
[BlackElo "911"]
[PlyCount "42"]
[EventDate "2020.??.??"]
[SourceDate "2020.06.27"]

1. c4 b6 2. Nf3 Bb7 3. e3 Nf6 4. g3 e5 5. Bg2 e4 6. Nd4 Na6 7. a3 Nc5 8. O-O h5
9. d3 Nxd3 10. b4 a5 11. bxa5 Rxa5 12. Nb3 Rf5 13. Bxe4 Bxe4 14. f3 Nxc1 15.
fxe4 Rxf1+ 16. Kxf1 Nxb3 17. Qxb3 h4 18. Qb5 Ng4 19. Ra2 hxg3 20. hxg3 Qf6+ 21.
Qf5 Nxe3+ 0-1

[Event "Seattle Summer Kickoff (7-12 Open)"]
[Site "Chess.com"]
[Date "2020.06.13"]
[Round "4"]
[White "Wan, Bertrand"]
[Black "Roberts, Teddy"]
[Result "1/2-1/2"]
[WhiteElo "1764"]
[BlackElo "2040"]
[PlyCount "137"]
[EventDate "2020.??.??"]
[SourceDate "2020.06.27"]

1. e4 e5 2. Nf3 Nc6 3. Bc4 Bc5 4. O-O d6 5. c3 Nf6 6. d4 exd4 7. cxd4 Bb6 8.
Nc3 O-O 9. Bb3 Bg4 10. Be3 Re8 11. Bc2 Ba5 12. Qb1 Qe7 13. Nd5 Nxd5 14. exd5
Nb4 15. Bxh7+ Kh8 16. Ng5 Nxd5 17. Bg8 Nf6 18. Bxf7 Rf8 19. Bg6 d5 20. Bf5 Bxf5
21. Qxf5 Qd7 22. Qxd7 Nxd7 23. Ne6 Rf6 24. Nf4 c6 25. a4 Raf8 26. Nd3 Re6 27.
Nf4 Ref6 28. Nd3 Kh7 29. b4 Bb6 30. a5 Bc7 31. Nc5 Nxc5 32. bxc5 Bf4 33. Ra3
R8f7 34. f3 Re7 35. Kf2 Kg6 36. Bxf4 Rxf4 37. Re3 Ref7 38. Re6+ Kf5 39. Rfe1
Rf6 40. g4+ Kg6 41. Rxf6+ Kxf6 42. Ke3 g5 43. h4 Kg6 44. hxg5 Kxg5 45. Rh1 Rf7
46. Rh5+ Kg6 47. Rh8 Re7+ 48. Kf2 Kg7 49. Ra8 a6 50. Rb8 Kg6 51. f4 Re4 52. f5+
Kg5 53. Rxb7 Rxg4 54. Rb6 Rxd4 55. Rxc6 Kxf5 56. Rxa6 Rc4 57. Rc6 Ra4 58. a6
Ke5 59. Rh6 d4 60. Rd6 Ra5 61. Ke2 Rxc5 62. Rd8 Ra5 63. Kd3 Ra3+ 64. Kc4 Rxa6
65. Re8+ Kf6 66. Kxd4 Rd6+ 67. Ke4 Rd1 68. Rf8+ Ke7 69. Ra8 1/2-1/2

[Event "Seattle Summer Kickoff (7-12 Open)"]
[Site "Chess.com"]
[Date "2020.06.13"]
[Round "5"]
[White "Leong, Albert"]
[Black "Bunch, Drew"]
[Result "0-1"]
[WhiteElo "1436"]
[BlackElo "1632"]
[PlyCount "32"]
[EventDate "2020.??.??"]
[SourceDate "2020.06.27"]

1. e4 e5 2. Nf3 Nc6 3. Bc4 Bc5 4. d3 Nf6 5. O-O d6 6. Bg5 Bg4 7. h3 Bh5 8. Nc3
h6 9. Bh4 g5 10. Bg3 Qd7 11. Nd5 Nxd5 12. Bxd5 Nd4 13. c3 Nxf3+ 14. gxf3 Qxh3
15. Re1 Qxg3+ 16. Kf1 Qxf2# 0-1

[Event "Seattle Summer Kickoff (7-12 Open)"]
[Site "Chess.com"]
[Date "2020.06.13"]
[Round "5"]
[White "Perla, Krishna Chaitanya"]
[Black "Smith, Lucas"]
[Result "1-0"]
[WhiteElo "1019"]
[BlackElo "1030"]
[PlyCount "67"]
[EventDate "2020.??.??"]
[SourceDate "2020.06.27"]

1. c4 e5 2. Nc3 Nf6 3. g3 d5 4. cxd5 Nxd5 5. Bg2 Nxc3 6. bxc3 Nc6 7. Nf3 Bf5 8.
d3 e4 9. dxe4 Qxd1+ 10. Kxd1 O-O-O+ 11. Ke1 Bxe4 12. Rg1 Bc2 13. Bg5 g6 14.
Bxd8 Kxd8 15. Rc1 Ba4 16. Nd4 Ne5 17. Bxb7 Bg7 18. Bg2 Re8 19. Rb1 Bc2 20. Nxc2
Nd3+ 21. Kf1 Bxc3 22. Bc6 Re6 23. Rd1 Rxc6 24. Rxd3+ Kc8 25. g4 g5 26. Rgg3 Be5
27. Rge3 Bf4 28. Re8+ Kb7 29. Rb3+ Ka6 30. Nb4+ Ka5 31. Nxc6+ Ka6 32. Re4 Bd2
33. Ra4+ Ba5 34. Rxa5# 1-0

[Event "Seattle Summer Kickoff (7-12 Open)"]
[Site "Chess.com"]
[Date "2020.06.13"]
[Round "5"]
[White "Roberts, Teddy"]
[Black "Cheng, Edward"]
[Result "1-0"]
[WhiteElo "2040"]
[BlackElo "1487"]
[PlyCount "77"]
[EventDate "2020.??.??"]
[SourceDate "2020.06.27"]

1. e4 d6 2. d4 Nf6 3. Nc3 g6 4. f4 c5 5. Nf3 Bg7 6. Be3 cxd4 7. Bxd4 Nc6 8. Be3
Bg4 9. h3 Bxf3 10. Qxf3 a6 11. Bd3 Qd7 12. O-O O-O 13. Rad1 e5 14. Bc4 Qe7 15.
f5 Kh8 16. Bg5 Nd4 17. Qf2 Rac8 18. Nd5 Qd8 19. Nxf6 Bxf6 20. Bxf6+ Qxf6 21.
Bb3 Nxb3 22. axb3 Kg7 23. c3 Rfd8 24. Rd3 Rd7 25. Rf3 Rc6 26. fxg6 Qxg6 27. Rg3
d5 28. exd5 Qxg3 29. Qxg3+ Rg6 30. Qxe5+ Kh6 31. Rf4 Rg5 32. Qf6+ Kh5 33. g4+
Kh4 34. Kh2 Rd6 35. Qxd6 h5 36. gxh5+ Kxh5 37. Rh4+ Kxh4 38. Qh6+ Rh5 39. Qf4#
1-0

[Event "Seattle Summer Kickoff (7-12 Open)"]
[Site "Chess.com"]
[Date "2020.06.13"]
[Round "5"]
[White "Roesch, Carson"]
[Black "Smith, Jason"]
[Result "1-0"]
[WhiteElo "1769"]
[BlackElo "955"]
[PlyCount "63"]
[EventDate "2020.??.??"]
[SourceDate "2020.06.27"]

1. e4 Nf6 2. e5 Nd5 3. d4 e6 4. c4 Nb4 5. Nc3 N8c6 6. Nf3 d5 7. a3 Na6 8. cxd5
exd5 9. Bxa6 bxa6 10. O-O Bg4 11. h3 Bh5 12. Qa4 Be7 13. Qxc6+ Qd7 14. Qxa8+
Qd8 15. Qxd8+ Bxd8 16. g4 Bg6 17. Nh4 Bd3 18. Rd1 Bc4 19. Nf5 O-O 20. h4 g6 21.
Nh6+ Kg7 22. g5 Bb3 23. Re1 c6 24. f4 Re8 25. f5 f6 26. exf6+ Kf8 27. Rxe8+
Kxe8 28. f7+ Kf8 29. f6 Bc7 30. Ne2 Bc4 31. Bf4 Bb6 32. Bd6# 1-0

[Event "Seattle Summer Kickoff (7-12 Open)"]
[Site "Chess.com"]
[Date "2020.06.13"]
[Round "5"]
[White "Rohila, Naveen"]
[Black "Joshi, Atharva"]
[Result "1-0"]
[WhiteElo "911"]
[BlackElo "1573"]
[PlyCount "75"]
[EventDate "2020.??.??"]
[SourceDate "2020.06.27"]

1. c4 Nf6 2. g3 e5 3. a3 c6 4. d4 exd4 5. Qxd4 Be7 6. Nf3 O-O 7. Bg2 Re8 8. O-O
b6 9. Nc3 Bc5 10. Qd3 h6 11. b4 Bf8 12. Nd4 Ba6 13. Rd1 d5 14. b5 dxc4 15. Qc2
Bc8 16. Nxc6 Qc7 17. Bf4 Qd7 18. Nxb8 Qg4 19. Bxa8 Bf5 20. Qa4 Qh3 21. Bg2 Qh5
22. Qxa7 Ng4 23. h3 Nf6 24. g4 Nxg4 25. hxg4 Qxg4 26. e3 h5 27. Qxb6 h4 28. f3
Qh5 29. Rd8 Re6 30. Qc5 Rh6 31. Rxf8+ Kh7 32. Bxh6 h3 33. Rh8+ Kg6 34. Qd6+ f6
35. Qg3+ Kf7 36. Qxg7+ Ke6 37. Qd7+ Ke5 38. Nc6# 1-0

[Event "Seattle Summer Kickoff (7-12 Open)"]
[Site "Chess.com"]
[Date "2020.06.13"]
[Round "5"]
[White "Seth, Shreshth"]
[Black "Wan, Bertrand"]
[Result "0-1"]
[WhiteElo "1468"]
[BlackElo "1764"]
[PlyCount "66"]
[EventDate "2020.??.??"]
[SourceDate "2020.06.27"]

1. d4 Nf6 2. c4 g6 3. Nc3 Bg7 4. e4 d6 5. Nf3 O-O 6. Be2 e5 7. d5 a5 8. O-O Na6
9. a3 Nc5 10. Bd3 Nh5 11. Be3 f5 12. exf5 Nxd3 13. Qxd3 gxf5 14. Qd1 f4 15. Bd2
Qe8 16. Re1 Kh8 17. Ng5 Qg6 18. Nce4 h6 19. Ne6 Rf7 20. Nxg7 Rxg7 21. g3 Bf5
22. Qf3 Rf8 23. Bxa5 fxg3 24. Nxg3 Nf4 25. Kh1 Bg4 26. Qe3 Nh3 27. f4 exf4 28.
Qd2 Bf3+ 29. Qg2 Bxg2+ 30. Kxg2 fxg3 31. Rf1 Rf2+ 32. Rxf2 gxf2+ 33. Kf1 Qd3#
0-1

[Event "Seattle Summer Kickoff (7-12 Open)"]
[Site "Chess.com"]
[Date "2020.06.13"]
[Round "5"]
[White "Tameling, Benton"]
[Black "Kompella, Aditya"]
[Result "0-1"]
[WhiteElo "1317"]
[BlackElo "1411"]
[PlyCount "44"]
[EventDate "2020.??.??"]
[SourceDate "2020.06.27"]

1. d4 Nf6 2. c4 g6 3. Nf3 Bg7 4. g3 d6 5. Bg2 O-O 6. O-O Bg4 7. h3 Bc8 8. Nc3
Nbd7 9. Bf4 Nh5 10. Bd2 e5 11. e3 f5 12. e4 f4 13. Ne2 fxg3 14. fxg3 Ndf6 15.
g4 Nf4 16. Bxf4 exf4 17. Nxf4 Nxe4 18. Nd2 g5 19. Nh5 Rxf1+ 20. Bxf1 Bxd4+ 21.
Kh1 Nf2+ 22. Kg1 Nxd1+ 0-1

[Event "Seattle Summer Kickoff (7-12 Open)"]
[Site "Chess.com"]
[Date "2020.06.13"]
[Round "5"]
[White "Vangala, Agastya"]
[Black "Gesli, Koray"]
[Result "0-1"]
[WhiteElo "1250"]
[BlackElo "1207"]
[PlyCount "54"]
[EventDate "2020.??.??"]
[SourceDate "2020.06.27"]

1. g3 d5 2. Bg2 e5 3. e3 Nf6 4. d4 e4 5. Ne2 Nc6 6. Nbc3 Be6 7. a3 Be7 8. Bd2
O-O 9. Nf4 Bg4 10. f3 exf3 11. Bxf3 Bf5 12. g4 Be6 13. Nxe6 fxe6 14. g5 Nd7 15.
h4 Nb6 16. Bg4 e5 17. Be6+ Kh8 18. Qh5 exd4 19. O-O-O dxc3 20. Bxc3 d4 21. exd4
Qd6 22. d5 Nxd5 23. Bxd5 Rf5 24. Be4 Qf4+ 25. Bd2 Qxe4 26. Rhe1 Qc4 27. b3 Qa6
0-1